Dialogue avec Heidegger

Sábháilte in:
Sonraí bibleagrafaíochta
Príomhchruthaitheoir: Beaufret, Jean (Údar)
Formáid: LEABHAR
Teanga:Fraincis
Foilsithe / Cruthaithe: París Les Editions de Minuit 1973
Sraith:Arguments, 56
Ábhair:
Clibeanna: Cuir clib leis
Níl clibeanna ann, Bí ar an gcéad duine le clib a chur leis an taifead seo!

MARC

LEADER 00000cam a2200000 a 4500
001 UCG9645
003 CL-VaPUC
008 120323e19730000FR |||||||||||||||||fre|d
082 0 4 |a 193  |b BEA  |2 21 
100 0 |a Beaufret, Jean  |e author  |9 561272 
245 1 0 |a Dialogue avec Heidegger 
300 |a v 
942 |c BK 
945 |d 20120323 00:00:00  |a dcastane 
260 |a París  |b Les Editions de Minuit  |c 1973 
500 |a v.1: Philosophie grecque 
650 0 |a Filosofía alemana   |9 265002 
583 |a last modification  |c 20120323 11:52:00  |k Rodrigo Vera 
490 0 |a Arguments, 56 
999 |c 347191  |d 347189 
952 |0 0  |1 0  |4 0  |6 193_000000000000000_BEA_1973  |7 0  |8 A  |9 448365  |a BIBART  |b BIBART  |d 2019-11-22  |h v.1  |i 4807138  |o 193 BEA 1973  |p 4807138  |r 2025-03-13  |w 2019-11-22  |y BK  |k ART 
952 |0 0  |1 0  |3 erb  |4 0  |6 193_000000000000000_BEA_1973  |7 0  |8 P  |9 448366  |a BIBEDU  |b BIBEDU  |c BIBEDU_PB  |h v.1  |i 5007801  |o 193 BEA 1973  |p 5007801  |r 2019-11-22  |w 2019-11-22  |y BK  |z Catalogado en:20141016  |k FIL